| 000 | 00569nam a2200169 i 4500 | ||
|---|---|---|---|
| 001 | 44269 | ||
| 003 | ES-MaACL | ||
| 005 | 20230906161006.0 | ||
| 007 | t| | ||
| 008 | 030321s1965 sp ||||1| spa d | ||
| 245 | 0 | 0 |
_aCivilizaciones extinguidas _b: pueblos y culturas desaparecidos / _cdirigida por Edward Bacon ; [traductores José María Belil Giró]. |
| 260 |
_aBarcelona, etc. : _bLabor, _c1965. |
||
| 300 |
_a363 p., 82 lám. ; _c36 cm. |
||
| 700 | 1 |
_aBelil Giró, José María. _927163 |
|
| 700 | 1 |
_aBacon, Edward. _924509 |
|
| 852 |
_aES-MaACL _jC-41230 _bR.59787 |
||
| 999 |
_c44269 _d44269 |
||